000 00786nam a2200337Ia 4500
001 4961
003 9851
005 20250326064859.0
008 ||||||n9999 ||| || ||
041 _aspa
082 _221
_a338
245 0 _aDependencia tecnologica monopolio y crecimiento
260 _aBuenos Aires :
_bPeriferia,
_c1972.
300 _a289p
490 _aCiencia desarrollo e ideologia
562 _e1
650 0 _aEconomía de mercado
_95522
650 _aMONOPOLIOS
_95519
650 _aOLIGOPOLIOS
_95800
650 0 _aSubdesarrollo
_92611
650 0 _aEconomía
_9207080
942 _cBKM
942 _cBKM
999 _c4961
_d4961
526 _a116204
526 _a4969
526 _a19790
526 _a104436
526 _a5144
526 _a51868
526 _a1697